LIBRARY & INFORMATION CENTRE, KCAET, TAVANUR

ONLINE PUBLIC ACCESS CATALOGUE (OPAC)

Bureaucracy and the new agricultural strategy / (Record no. 7349)

MARC details
000 -LEADER
fixed length control field 00472cam a2200181ua 4500
041 ## - LANGUAGE CODE
Language code of text/sound track or separate title eng
082 ## - DEWEY DECIMAL CLASSIFICATION NUMBER
Classification number 630.2
Item number MAT/BU
100 ## - MAIN ENTRY--AUTHOR NAME
Personal name Mathur , Kuldeep .
245 ## - TITLE STATEMENT
Title Bureaucracy and the new agricultural strategy /
250 ## - EDITION STATEMENT
Edition statement 1 /
260 ## - PUBLICATION, DISTRIBUTION, ETC. (IMPRINT)
Place of publication New Delhi :
Name of publisher Concept Publishing Company ,
Year of publication 1982.
300 ## - PHYSICAL DESCRIPTION
Number of Pages 103 ; .
942 ## - ADDED ENTRY ELEMENTS (KOHA)
Koha item type Books
Holdings
Withdrawn status Lost status Damaged status Home library Current library Date acquired Full call number Accession Number Koha item type
      KAUAET KAUAET 07/04/2012 630.2 15864 Books
free website counter